Chae Dost (Record no. 94596)
[ view plain ]
| 000 -LEADER | |
|---|---|
| fixed length control field | 00569nji a22001817a 4500 |
| 005 - DATE AND TIME OF LATEST TRANSACTION | |
| control field | 20150701144614.0 |
| 007 - PHYSICAL DESCRIPTION FIXED FIELD--GENERAL INFORMATION | |
| fixed length control field | dvd |
| 008 - FIXED-LENGTH DATA ELEMENTS--GENERAL INFORMATION | |
| fixed length control field | 150701b xxu||||| |||| 00| 0 eng d |
| 010 ## - LIBRARY OF CONGRESS CONTROL NUMBER | |
| LC control number | dvd-008460-61 |
| 024 ## - OTHER STANDARD IDENTIFIER | |
| Terms of availability | 150.00 |
| 040 ## - CATALOGING SOURCE | |
| Original cataloging agency | dpl |
| 245 ## - TITLE STATEMENT | |
| Title | Chae Dost |
| 260 ## - PUBLICATION, DISTRIBUTION, ETC. (IMPRINT) | |
| Place of publication, distribution, etc | Mumai |
| Name of publisher, distributor, etc | Children's Film Society |
| 270 ## - ADDRESS | |
| Address | Film Division Complex,24,Dr.G.Deshmukh Marg,Mumbai |
| 300 ## - PHYSICAL DESCRIPTION | |
| Extent | 1 dics(dvd) |
| 942 ## - ADDED ENTRY ELEMENTS (KOHA) | |
| Source of classification or shelving scheme | Dewey Decimal Classification |
| Item type | CD-ROMs, DVDs, VHS |
| Withdrawn status | Lost status | Source of classification or shelving scheme | Damaged status | Not for loan | Home library | Current library | Date acquired | Source of acquisition | Cost, normal purchase price | Total Checkouts | Barcode | Date last seen | Copy number | Cost, replacement price | Price effective from | Koha item type |
|---|---|---|---|---|---|---|---|---|---|---|---|---|---|---|---|---|
| Dewey Decimal Classification | Narela | Narela | 21/07/2015 | Children's film society | 150.00 | DVD-008460 | 21/07/2015 | 1 | 150.00 | 21/07/2015 | CD-ROMs, DVDs, VHS | |||||
| Dewey Decimal Classification | R.K.Puram-8 | R.K.Puram-8 | 21/07/2015 | Children's film society | 150.00 | DVD-008461 | 21/07/2015 | 1 | 150.00 | 21/07/2015 | CD-ROMs, DVDs, VHS |
